000
00373nam a22001577a 4500
003
MPLRDC
005
20220104143351.0
008
210129b ||||| |||| 00| 0 eng d
082
_a
448.88 LGF
100
_a
梁高辅编
245
_a
怎样修理电晶体电视机
_c
260
_a
_b
罗拔书局
_c
300
_b
平
650
_a
电视机
942
_c
BK
_o
448.88 LGF
999
_c
39206
_d
39196